Nonlinear statistical modeling

Gorde:
Xehetasun bibliografikoak
Egile Nagusiak: Hsiao, Cheng (Egilea), Morimune, Kimio (Egilea), Powell, James L (Egilea)
Formatua: Liburua
Hizkuntza:ingelesa
Argitaratua: Cambridge Cambridge University 2001
Saila:International Symposia in Economic Theory and Econometrics
Gaiak:
Etiketak: Etiketa erantsi
Etiketarik gabe, Izan zaitez lehena erregistro honi etiketa jartzen!

MARC

LEADER 00000nam a2200000 a 4500
001 UCN8221
003 CL-VaPUC
008 011109e20010000uk |||||||||||||||||eng|d
082 0 4 |a 519.5  |b HSI  |2 21 
100 0 |a Hsiao, Cheng  |e author  |9 464497 
700 0 |a Morimune, Kimio  |e author  |9 464498 
700 0 |a Powell, James L  |e author  |9 464499 
245 1 0 |a Nonlinear statistical modeling 
300 |a 452 p 
942 |c BK 
945 |d 20011109 00:00:00  |a cmena 
260 |a Cambridge  |b Cambridge University  |c 2001 
650 0 |a Modelos econométricos  |9 261094 
650 0 |a Teorías no lineales   |9 270892 
650 0 |a Análisis de progresión  |9 270891 
650 0 |a Estadística matemática  |9 260028 
583 |a last modification  |c 20130806 04:04:14  |k Rodrigo Vera 
490 0 |a International Symposia in Economic Theory and Econometrics 
999 |c 298247  |d 298245 
952 |0 0  |1 0  |2 ddc  |4 0  |6 519_500000000000000_HSI_2001  |7 0  |8 CCM  |9 353730  |a BIBCUR  |b BIBCUR  |c PAC  |d 2019-11-21  |i 3769410  |o 519.5 HSI 2001  |p 3769410  |r 2025-04-22  |w 2019-11-21  |y BK  |k RNT